A Librarian's guide to the internet : (Record no. 7045)
[ view plain ]
| 000 -LEADER | |
|---|---|
| fixed length control field | 00624nam a22002052 4500 |
| 001 - CONTROL NUMBER | |
| control field | 0000005414 |
| 005 - DATE AND TIME OF LATEST TRANSACTION | |
| control field | 20151217152004.0 |
| 008 - FIXED-LENGTH DATA ELEMENTS--GENERAL INFORMATION | |
| fixed length control field | 070613s xx 000 0 eng d |
| 020 ## - INTERNATIONAL STANDARD BOOK NUMBER | |
| International Standard Book Number | 1843340550 : |
| Terms of availability | KES 5,600 |
| 040 ## - CATALOGING SOURCE | |
| Original cataloging agency | KABU |
| Transcribing agency | KABU |
| 050 #0 - LIBRARY OF CONGRESS CALL NUMBER | |
| Classification number | ZA4201 |
| Item number | .M85 |
| 100 1# - MAIN ENTRY--PERSONAL NAME | |
| Personal name | Muller, Jeanne Froidevaux. |
| -- | 0000156733 |
| 245 12 - TITLE STATEMENT | |
| Title | A Librarian's guide to the internet : |
| Remainder of title | searching and evaluating information. |
| 260 ## - PUBLICATION, DISTRIBUTION, ETC. (IMPRINT) | |
| Place of publication, distribution, etc. | Oxford : |
| Name of publisher, distributor, etc. | Chandos, |
| Date of publication, distribution, etc. | 2003. |
| 300 ## - PHYSICAL DESCRIPTION | |
| Extent | xiii, 188 p. |
| 650 #0 - SUBJECT ADDED ENTRY--TOPICAL TERM | |
| Topical term or geographic name as entry element | Internet (Information) |
| -- | 0000156734 |
| 908 ## - PUT COMMAND PARAMETER (RLIN) | |
| Put command parameter | 070613 |
| 950 ## - LOCAL HOLDINGS (RLIN) | |
| -- | 1 |
| Withdrawn status | Lost status | Source of classification or shelving scheme | Not for loan | Home library | Current library | Date acquired | Total Checkouts | Full call number | Barcode | Date last seen | Price effective from | Koha item type |
|---|---|---|---|---|---|---|---|---|---|---|---|---|
| Library of Congress Classification | Kabarak, Main Campus | Kabarak, Main Campus | 17/12/2015 | ZA4201 .M85 | 001960 | 17/12/2015 | 17/12/2015 | General Collection |